000 00251nam a2200109Ia 4500
008 220216s9999 xx 000 0 und d
100 _aMathews P.M.
245 0 _aMannil rasavlangal cherkkumbol
260 _bRubber
_c2010
300 _a14
942 _cBS
999 _c49597
_d49597